00217nam a2200073Ia 4500082002400000245003000024100004800054008004100102 aJ|821.00809282|THOM 0aPoems for young children  a Thomas, Tig Great Bardfield, 2010 210817s9999 xx 000 0 und d